[Event "HET2003"]
[Site "?"]
[Date "2003.10.18"]
[Round "1.2"]
[White "Meier, David-Geffrey"]
[Black "Holzweissig, Hans-Joachim"]
[Result "1-0"]
[WhiteElo "2216"]
[BlackElo "1773"]
[PlyCount "55"]
[EventDate "2003.??.??"]

1. d4 g6 2. c4 Bg7 3. Nf3 d6 4. e4 Nc6 5. d5 Ne5 6. Nxe5 Bxe5 7. Be2 e6 8. O-O
Ne7 9. Bh6 Bxb2 10. Nd2 Bxa1 11. Qxa1 Rg8 12. Bg5 h6 13. Bxh6 c6 14. Bg5 e5 15.
Nb3 cxd5 16. cxd5 Rf8 17. Bf6 Bd7 18. Nd2 b5 19. Nf3 Qb8 20. Ng5 Ng8 21. Bg7 f6
22. Bxf8 Kxf8 23. Ne6+ Ke7 24. Qc3 Qb6 25. Qg3 Bxe6 26. dxe6 g5 27. Qh3 Kf8 28.
Qh7 1-0

[Event "HET2003"]
[Site "?"]
[Date "2003.10.18"]
[Round "1.3"]
[White "Broschk, Matthias"]
[Black "Maahs, Erich"]
[Result "1/2-1/2"]
[WhiteElo "1735"]
[BlackElo "2187"]
[PlyCount "124"]
[EventDate "2003.??.??"]

1. e4 d5 2. exd5 Nf6 3. Nc3 Nxd5 4. Bc4 Be6 5. Nxd5 Bxd5 6. Bxd5 Qxd5 7. Qf3 c6
8. Qxd5 cxd5 9. d4 Nc6 10. c3 e5 11. dxe5 Nxe5 12. Nh3 O-O-O 13. O-O Bc5 14.
Rd1 Rhe8 15. Bf4 Ng6 16. Re1 Re4 17. Bg3 h5 18. Rxe4 dxe4 19. Ng5 h4 20. Nxe4
Be7 21. Bxh4 Bxh4 22. Kf1 b6 23. b3 f5 24. Ng3 Bxg3 25. hxg3 Rd2 26. Ke1 Rc2
27. c4 Kc7 28. a3 f4 29. gxf4 Nxf4 30. Kf1 Nd3 31. f3 a5 32. Rd1 Rc3 33. Rb1
Kc6 34. Ke2 Rxb3 35. Rxb3 Nc1+ 36. Ke3 Nxb3 37. g4 Kc5 38. Kd3 Nd4 39. f4 Nc6
40. g5 a4 41. f5 Kd6 42. Ke4 Ne5 43. g6 Nd7 44. Kd4 Nf6 45. Kc3 Kc5 46. Kd3 Ne8
47. Ke4 Kd6 48. Kd4 Nc7 49. Ke4 Ke7 50. Ke5 Ne8 51. Kd5 Nd6 52. f6+ Kd7 53.
fxg7 Ne8 54. g8=N Ng7 55. Nh6 Nh5 56. Ke5 Kc6 57. Kd4 Nf4 58. Nf5 Nxg6 59. Ne3
Nf4 60. Nd1 b5 61. cxb5+ Kxb5 62. Nc3+ Ka5 1/2-1/2

[Event "HET2003"]
[Site "?"]
[Date "2003.10.18"]
[Round "1.4"]
[White "Milajev, Mihail"]
[Black "Biermann, Helge"]
[Result "1-0"]
[WhiteElo "2155"]
[BlackElo "1727"]
[PlyCount "101"]
[EventDate "2003.??.??"]

1. e4 e5 2. Nf3 Nf6 3. Nxe5 d6 4. Nf3 Nxe4 5. d4 d5 6. Bd3 Bd6 7. O-O O-O 8. c4
c6 9. cxd5 cxd5 10. Nc3 Nxc3 11. bxc3 Nc6 12. h3 Re8 13. Qc2 h6 14. Bd2 Be6 15.
Bf5 Qd7 16. Bxe6 Rxe6 17. c4 Bc7 18. c5 Re4 19. Qb2 Rae8 20. Rfe1 g5 21. Bc3
Ba5 22. Bxa5 Nxa5 23. Ne5 Rxe1+ 24. Rxe1 Qa4 25. Qd2 Nc6 26. Nxc6 Rxe1+ 27.
Qxe1 Qxc6 28. Qe7 a6 29. Qd8+ Kg7 30. a4 Qe6 31. Qa5 Qd7 32. Qb4 f5 33. a5 f4
34. Qb3 h5 35. Qb6 h4 36. Kf1 Kf7 37. Qh6 Qb5+ 38. Kg1 Qb1+ 39. Kh2 Qg6 40. Qh8
Qg7 41. Qb8 Qxd4 42. Qxb7+ Kf8 43. Qc8+ Ke7 44. Qc7+ Ke8 45. Qc6+ Kf7 46. Qd7+
Kf6 47. Qd8+ Kg6 48. Qb6+ Kh5 49. c6 Qe5 50. f3 d4 51. c7 1-0

[Event "HET2003"]
[Site "?"]
[Date "2003.10.18"]
[Round "1.5"]
[White "Schroeder, Kai Uwe"]
[Black "Gollasch, Theo-Heinz"]
[Result "0-1"]
[WhiteElo "1720"]
[BlackElo "2149"]
[PlyCount "125"]
[EventDate "2003.??.??"]

1. e4 c5 2. d3 g6 3. Nf3 Nc6 4. g3 Bg7 5. c3 d5 6. Nbd2 Nf6 7. Bg2 dxe4 8. dxe4
Qd3 9. Qe2 Qxe2+ 10. Kxe2 b6 11. Re1 Ba6+ 12. c4 Na5 13. e5 Ng4 14. Kf1 Nxc4
15. Nxc4 Bxc4+ 16. Kg1 Rd8 17. h3 Nh6 18. Bg5 Nf5 19. g4 Nd4 20. Nxd4 Rxd4 21.
Bc6+ Kd8 22. Be3 Rd3 23. Be4 Rd7 24. f4 Kc7 25. Red1 Rhd8 26. Rxd7+ Rxd7 27.
Kf2 Bd5 28. Bc2 f6 29. f5 gxf5 30. Bxf5 Rd8 31. e6 Rh8 32. a4 h5 33. gxh5 Rxh5
34. Bg4 Rh8 35. a5 Bh6 36. axb6+ Kxb6 37. Rd1 Bxe3+ 38. Kxe3 Kc6 39. Kf4 Rb8
40. Rd2 Rb4+ 41. Kg3 Re4 42. h4 Re5 43. Kf4 Re1 44. Rh2 Rf1+ 45. Kg3 f5 46. Be2
Rg1+ 47. Kf4 Bxe6 48. Ke5 Rg6 49. h5 Rh6 50. Rg2 Bf7 51. Bf3+ Kb5 52. Rh2 a5
53. Kf4 c4 54. Kg5 Rh8 55. Kxf5 a4 56. Ke5 c3 57. bxc3 Kc4 58. Rh4+ Kb5 59.
Rb4+ Ka5 60. Bd1 Be8 61. Ke6 {(=)} 61... a3 62. Bb3 Rh7 63. Rh4 0-1

[Event "HET2003"]
[Site "?"]
[Date "2003.10.18"]
[Round "1.6"]
[White "Klarner, William R"]
[Black "Raedisch, Peter"]
[Result "1-0"]
[WhiteElo "2144"]
[BlackElo "1708"]
[PlyCount "49"]
[EventDate "2003.??.??"]

1. e4 e5 2. Nf3 Nc6 3. Bb5 Bc5 4. c3 Qe7 5. O-O a6 6. Ba4 b5 7. Bb3 Nf6 8. d4
Bb6 9. Bd5 Ng4 10. h3 h5 11. a4 Bb7 12. axb5 axb5 13. Rxa8+ Bxa8 14. Na3 b4 15.
Nc4 exd4 16. cxd4 Bb7 17. Nxb6 cxb6 18. e5 Nh6 19. Bg5 Qf8 20. Qd3 g6 21. Qb5
Nf5 22. Qxb6 Nfe7 23. Qxb7 f6 24. Bxc6 fxg5 25. Qxd7+ 1-0

[Event "HET2003"]
[Site "?"]
[Date "2003.10.18"]
[Round "1.7"]
[White "Engin, Atay"]
[Black "Schulz, Hans-Juergen"]
[Result "0-1"]
[WhiteElo "1702"]
[BlackElo "2093"]
[PlyCount "45"]
[EventDate "2003.??.??"]

1. d4 d5 2. Nc3 c5 3. Nf3 Nc6 4. g3 cxd4 5. Nxd4 e5 6. Nb3 d4 7. Ne4 f5 8. Bg5
Qd5 9. Ned2 Qxh1 10. Nf3 h6 11. Qd2 hxg5 12. Qxg5 Bb4+ 13. c3 dxc3 14. Qg6+ Kf8
15. O-O-O cxb2+ 16. Kxb2 Nge7 17. Qg5 Be6 18. a3 Bxb3 19. Kxb3 Bc5 20. Rc1 b6
21. Bh3 Nd4+ 22. Ka2 Nxf3 23. exf3 0-1

[Event "HET2003"]
[Site "?"]
[Date "2003.10.18"]
[Round "1.9"]
[White "Benthin, Thomas"]
[Black "Heroiu, Alexandru"]
[Result "0-1"]
[WhiteElo "1677"]
[BlackElo "2039"]
[PlyCount "67"]
[EventDate "2003.??.??"]

1. e4 g6 2. Nc3 Bg7 3. d4 d6 4. Be2 c6 5. h4 Qb6 6. Nf3 Bg4 7. Ng5 Bxe2 8. Nxe2
Nf6 9. e5 dxe5 10. dxe5 Ng4 11. Nd4 Nxe5 12. Be3 c5 13. Nb3 Nbd7 14. f4 Nc4 15.
Qd5 Qb4+ 16. c3 Bxc3+ 17. bxc3 Qxc3+ 18. Bd2 Qg3+ 19. Kf1 Nxd2+ 20. Qxd2 Rd8
21. Re1 Nf6 22. Qe3 Qxe3 23. Rxe3 c4 24. Na5 b5 25. Nc6 Rd7 26. Ke2 Nd5 27. Rf3
f6 28. Ne6 Kf7 29. Ncd4 Rd6 30. Nc5 Rb8 31. f5 b4 32. Rc1 Nc3+ 33. Kd2 Rxd4+
34. Kc2 0-1

[Event "HET 2003"]
[Site "?"]
[Date "2003.10.19"]
[Round "1.10"]
[White "Schröder, Gerhard"]
[Black "Prochnow, Siegfried"]
[Result "1-0"]
[WhiteElo "2036"]
[BlackElo "1640"]
[PlyCount "45"]
[EventDate "2003.??.??"]

1. d4 d5 2. c4 e6 3. Nf3 Nf6 4. Nc3 Be7 5. Bf4 c6 6. Qb3 Nbd7 7. h3 O-O 8. e3
Re8 9. Rd1 Nf8 10. Be2 Bd6 11. Ne5 Ng6 12. Bh2 Qe7 13. O-O dxc4 14. Bxc4 Nd5
15. Ne4 Bc7 16. f4 Nxe5 17. fxe5 a6 18. Rf3 Rf8 19. Rdf1 b5 20. Bd3 Bb7 21. Bb1
Rad8 22. Qc2 Nb4 23. Nf6+ 1-0

[Event "HET2003"]
[Site "?"]
[Date "2003.10.18"]
[Round "1.11"]
[White "Rose, Sven"]
[Black "Schirmer, Werner"]
[Result "0-1"]
[WhiteElo "1622"]
[BlackElo "2031"]
[PlyCount "58"]
[EventDate "2003.??.??"]

1. Nf3 Nf6 2. d4 g6 3. c4 Bg7 4. Nc3 d6 5. e4 O-O 6. Be2 e5 7. d5 a5 8. h3 Na6
9. Be3 b6 10. O-O Nc5 11. Qc2 Bd7 12. a4 Ne8 13. Ne1 f5 14. f4 exf4 15. Bxc5
bxc5 16. Rxf4 Qg5 17. Rf3 Nf6 18. exf5 Bxf5 19. Bd3 Nh5 20. Bxf5 Bd4+ 21. Kh1
gxf5 22. Qd3 Rae8 23. g3 Re3 24. Rxe3 Bxe3 25. g4 fxg4 26. Ne4 Qh6 27. h4 Ng3+
28. Kg2 Qxh4 29. Qxe3 Qh1+ 0-1

[Event "HET2003"]
[Site "?"]
[Date "2003.10.18"]
[Round "1.12"]
[White "Parindra, Amran Mojo Pahit"]
[Black "Riedel, Siegfried"]
[Result "1-0"]
[WhiteElo "1995"]
[BlackElo "1620"]
[PlyCount "27"]
[EventDate "2003.??.??"]

1. Nf3 d6 2. d4 Bg4 3. e4 g6 4. Bc4 e6 5. O-O Bg7 6. Be3 Nd7 7. Nbd2 a6 8. c3
Nb6 9. Be2 Ne7 10. a4 O-O 11. a5 Nd7 12. h3 Bxf3 13. Nxf3 h6 14. Nh2 1-0

[Event "HET2003"]
[Site "?"]
[Date "2003.10.18"]
[Round "1.13"]
[White "Klawitter, Bernd"]
[Black "Urban, Ralf-Dieter"]
[Result "1-0"]
[WhiteElo "1546"]
[BlackElo "1992"]
[PlyCount "51"]
[EventDate "2003.??.??"]

1. e4 Nf6 2. e5 Nd5 3. d4 d6 4. c4 Nb6 5. Nf3 Nc6 6. e6 fxe6 7. a3 e5 8. d5 Nd4
9. Nxd4 exd4 10. Qxd4 e5 11. Qe4 Qf6 12. g4 h5 13. Bd3 Bxg4 14. h4 Nxc4 15.
Qxc4 Qf3 16. Bg6+ Kd7 17. Qb5+ Ke7 18. Bg5+ Qf6 19. Qxb7 Rd8 20. Nd2 Rh6 21.
Bxf6+ gxf6 22. Bd3 Rh8 23. Rc1 Bh6 24. Rxc7+ Kf8 25. Rf7+ Kg8 26. Ne4 1-0

[Event "HET2003"]
[Site "?"]
[Date "2003.10.18"]
[Round "1.15"]
[White "Hagenlueke, Thomas"]
[Black "Ristic, Sreten"]
[Result "1-0"]
[WhiteElo "1507"]
[BlackElo "1936"]
[PlyCount "72"]
[EventDate "2003.??.??"]

1. e4 d5 2. exd5 Qxd5 3. Nc3 Qa5 4. Bc4 c6 5. d3 Bf5 6. Nge2 e6 7. Nd4 Bg6 8.
O-O Nd7 9. Bf4 Be7 10. Re1 Ngf6 11. Qe2 O-O 12. Nxe6 Bh5 13. f3 Bc5+ 14. Nxc5
Qxc5+ 15. Be3 Qb4 16. Qd2 a5 17. a3 Qd6 18. Bf4 Qc5+ 19. Kh1 b5 20. Be3 Qf5 21.
Bb3 a4 22. Ba2 Rad8 23. Ne2 Ne5 24. Ng3 Qd7 25. Bb6 Nxf3 26. gxf3 Bxf3+ 27. Kg1
Rb8 28. Bc5 Rfe8 29. Rxe8+ Rxe8 30. Re1 Bd5 31. Rxe8+ Nxe8 32. Bxd5 Qxd5 33.
Bf2 f5 34. Qe2 Nf6 35. Nh5 Nd7 36. Qe8+ Nf8 1-0

[Event "HET2003"]
[Site "?"]
[Date "2003.10.18"]
[Round "1.16"]
[White "Homm, Marc-Michael"]
[Black "Harms, Peter"]
[Result "1-0"]
[WhiteElo "1912"]
[BlackElo "1504"]
[PlyCount "69"]
[EventDate "2003.??.??"]

1. d4 d5 2. c4 c6 3. Nc3 Nf6 4. Bg5 e6 5. Nf3 Be7 6. e3 O-O 7. Bd3 dxc4 8. Bxc4
Nd5 9. Bxe7 Qxe7 10. O-O Nd7 11. Rc1 N7b6 12. Bd3 Bd7 13. Ne5 Nf6 14. g4 h6 15.
f4 Nh7 16. Qc2 g6 17. Rf3 Qf6 18. a4 Be8 19. Ne4 Qg7 20. Nd6 Rb8 21. Kh1 Nd7
22. Nxe8 Rfxe8 23. Nxd7 Rbd8 24. Ne5 Nf8 25. f5 f6 26. Nxg6 Nxg6 27. fxg6 Rd5
28. Rcf1 Rf8 29. Bc4 Rd6 30. Qe4 Qe7 31. h4 Kg7 32. g5 hxg5 33. hxg5 Rh8+ 34.
Kg2 f5 35. Rxf5 1-0

[Event "HET2003"]
[Site "?"]
[Date "2003.10.18"]
[Round "1.17"]
[White "Tost, Guenther"]
[Black "Krupa, Boguslaw"]
[Result "0-1"]
[WhiteElo "1438"]
[BlackElo "1906"]
[PlyCount "58"]
[EventDate "2003.??.??"]

1. Nf3 f5 2. c4 Nf6 3. Nc3 Nc6 4. e3 e5 5. d3 Bc5 6. Be2 O-O 7. O-O b6 8. a3 a5
9. Qb3 Kh8 10. Na4 Be7 11. Qc2 d6 12. Nc3 Be6 13. Bd2 Qd7 14. Rac1 Ng4 15. Nd5
Nd8 16. a4 Nf6 17. Nxe7 Qxe7 18. Bc3 Bd7 19. b3 Ne6 20. h3 f4 21. Nd2 c5 22.
Bf3 Rad8 23. Rfe1 Qf7 24. Nf1 Ng5 25. Kh2 Nxf3+ 26. gxf3 Qh5 27. exf4 exf4 28.
Re7 Bxh3 29. Qe2 Bxf1+ 0-1

[Event "HET2003"]
[Site "?"]
[Date "2003.10.18"]
[Round "1.18"]
[White "Diehl, Alexander"]
[Black "Gloe, Helmut"]
[Result "1-0"]
[WhiteElo "1898"]
[BlackElo "1410"]
[PlyCount "87"]
[EventDate "2003.??.??"]

1. d4 d5 2. c4 dxc4 3. Nf3 Nf6 4. e3 Bg4 5. Bxc4 a6 6. Qb3 b6 7. Bxf7+ Kd7 8.
Ne5+ Kc8 9. Nxg4 Nbd7 10. Be6 Nxg4 11. Bxg4 Kb8 12. Qd5 e6 13. Bxe6 Bb4+ 14.
Bd2 Bxd2+ 15. Nxd2 Nf6 16. Qxd8+ Rxd8 17. Nf3 Rd6 18. Bb3 Ka7 19. Rc1 Kb7 20.
O-O Rf8 21. Rc2 Kb8 22. Rfc1 Ne8 23. Ne5 c5 24. dxc5 bxc5 25. Rxc5 Nf6 26. Nf3
Rfd8 27. h3 Ne4 28. Rc6 Ka7 29. Rxd6 Rxd6 30. Rc7+ Kb6 31. Rxg7 Nd2 32. Nxd2
Rxd2 33. Rxh7 Rxb2 34. Rh4 a5 35. Rf4 Kc5 36. h4 Rd2 37. h5 Rd8 38. h6 Kd6 39.
h7 Ke5 40. Bc2 Ke6 41. Rg4 Rc8 42. Be4 Rc1+ 43. Kh2 Rh1+ 44. Kxh1 1-0

[Event "HET2003"]
[Site "?"]
[Date "2003.10.18"]
[Round "1.19"]
[White "Jaeger, Julian"]
[Black "Sellack, Helmut"]
[Result "0-1"]
[WhiteElo "1264"]
[BlackElo "1884"]
[PlyCount "57"]
[EventDate "2003.??.??"]

1. e4 e6 2. d4 d5 3. Nc3 Bb4 4. e5 c5 5. Be3 Nc6 6. f4 Nh6 7. Nf3 Nf5 8. Bf2
Qa5 9. Qd2 Bd7 10. Be2 Rc8 11. dxc5 O-O 12. O-O d4 13. a3 Bxc3 14. bxc3 Rfd8
15. Nxd4 Nfxd4 16. Bxd4 Nxd4 17. Qxd4 Bb5 18. Qe3 Bxe2 19. Qxe2 Qxc3 20. Rfd1
Qxc5+ 21. Kf1 Rxd1+ 22. Qxd1 Qc4+ 23. Kg1 Qxf4 24. Qd7 Rf8 25. Re1 Qc4 26. Qxb7
Qc5+ 27. Kf1 Qxa3 28. Re4 a5 29. Qb3 {(Zeit)} 0-1

[Event "HET 2003"]
[Site "?"]
[Date "2003.10.19"]
[Round "2.1"]
[White "Reddmann, Hauke"]
[Black "Parindra, Amran Mojo Pahit"]
[Result "1-0"]
[WhiteElo "2344"]
[BlackElo "1995"]
[PlyCount "99"]
[EventDate "2003.??.??"]

1. d4 {0} 1... Nf6 2. Bg5 c5 3. Bxf6 exf6 4. dxc5 Bxc5 5. e3 O-O 6. Nd2 d6 7.
Bd3 Nc6 8. Nb3 Ne5 9. Ne2 Bg4 10. Be4 Rb8 11. Bd5 f5 12. Qd2 Qe7 13. O-O Bxe2
14. Qxe2 Ng4 15. Bf3 Qe5 16. Bxg4 fxg4 17. c3 h5 18. Rad1 g6 19. Rd2 Rfe8 20.
Rfd1 Qg5 21. Rd5 Re5 22. Rxe5 Qxe5 23. Qc4 b5 24. Qd5 Qe7 25. Nd4 Bxd4 26. Rxd4
Rb6 27. Re4 Qd8 28. Kf1 a5 29. a3 Rb8 30. Rf4 Qe7 31. Rd4 b4 32. axb4 axb4 33.
Rxb4 Rxb4 34. cxb4 Qc7 35. g3 Qb6 36. b5 Qa5 37. Kg2 Qb4 38. b3 Kf8 39. Qc4 Qa5
40. b4 Qd8 41. Qc6 Ke7 42. b6 Qd7 43. b5 Qxc6+ 44. bxc6 Kd8 45. Kf1 g5 46. Ke2
f5 47. Kd3 Kc8 48. Kd4 h4 49. Kd5 f4 50. Kxd6 1-0

[Event "HET 2003"]
[Site "?"]
[Date "2003.10.19"]
[Round "2.2"]
[White "Bohn, Christoph"]
[Black "Meier, David-Geffrey"]
[Result "0-1"]
[WhiteElo "1947"]
[BlackElo "2216"]
[PlyCount "70"]
[EventDate "2003.??.??"]

1. c4 e5 2. Nc3 Nc6 3. e3 d6 4. g3 g6 5. Bg2 Bg7 6. Nge2 f5 7. O-O Nf6 8. d3
O-O 9. a3 g5 10. f4 h6 11. Nd5 Ne7 12. Nxf6+ Bxf6 13. Nc3 c6 14. e4 exf4 15.
gxf4 g4 16. exf5 Bxf5 17. Be4 Rf7 18. Kh1 h5 19. Qe1 Qd7 20. Qf2 d5 21. cxd5
cxd5 22. Bxf5 Nxf5 23. Ne2 Re8 24. Bd2 Rfe7 25. Rae1 Bh4 26. Ng3 Bxg3 27. hxg3
Re2 28. Qc5 Nxg3+ 29. Kg1 Nxf1 30. Kxf1 Rxe1+ 31. Bxe1 Qe6 32. Qf2 Qxe1+ 33.
Qxe1 Rxe1+ 34. Kxe1 Kf7 35. Kf2 d4 0-1

[Event "HET 2003"]
[Site "?"]
[Date "2003.10.19"]
[Round "2.3"]
[White "Homm, Marc-Michael"]
[Black "Milajev, Mihail"]
[Result "1-0"]
[WhiteElo "1912"]
[BlackElo "2155"]
[Annotator "Homm,Marc-Michael"]
[PlyCount "45"]
[EventDate "2003.??.??"]

1. d4 Nf6 2. c4 g6 3. Nc3 Bg7 4. e4 d6 5. h3 O-O 6. Bg5 c5 7. d5 h6 8. Be3 a6
9. Qd2 Kh7 10. a4 Qa5 11. Ra3 e6 12. Bd3 exd5 13. exd5 Nfd7 14. Nf3 f5 15. g4
$1 Ne5 (15... fxg4 16. hxg4 Rxf3 17. Bxh6 Ne5 (17... Bxc3 18. Rxc3 $18) 18.
Bxg7+ Kxg7 19. Qh6+ Kf7 20. Qh8 $18) 16. Nxe5 dxe5 17. gxf5 gxf5 18. Rg1 Rf6
19. f4 Qc7 20. fxe5 Qxe5 21. Qe2 b6 (21... Nd7 22. Kf1 $16) 22. Rxg7+ Kxg7 23.
Bxh6+ 1-0

[Event "HET 2003"]
[Site "?"]
[Date "2003.10.19"]
[Round "2.4"]
[White "Gollasch, Theo-Heinz"]
[Black "Diehl, Alexander"]
[Result "1-0"]
[WhiteElo "2149"]
[BlackElo "1898"]
[PlyCount "51"]
[EventDate "2003.??.??"]

1. Nf3 d5 2. d4 Nf6 3. g3 Bf5 4. Bg2 e6 5. O-O c5 6. c4 Bxb1 7. Rxb1 Nc6 8.
cxd5 exd5 9. Bg5 cxd4 10. Nxd4 Qd7 11. Bxf6 gxf6 12. Rc1 Bh6 13. Rc5 Ne7 14.
Qc2 Rc8 15. Rxc8+ Nxc8 16. Nf5 Bf8 17. Rd1 Qc6 18. Qd2 Ne7 19. Nxe7 Bxe7 20.
Bxd5 Qb6 21. Qf4 Kf8 22. Qh6+ Ke8 23. Qg7 Rf8 24. Qg4 Qc5 25. Bxb7 f5 26. Qa4+
1-0

[Event "HET 2003"]
[Site "?"]
[Date "2003.10.19"]
[Round "2.5"]
[White "Krupa, Boguslaw"]
[Black "Klarner, William R"]
[Result "0-1"]
[WhiteElo "1906"]
[BlackElo "2144"]
[PlyCount "66"]
[EventDate "2003.??.??"]

1. e4 e6 2. d4 d5 3. Nc3 Bb4 4. e5 Ne7 5. Qg4 Nf5 6. Bg5 Qd7 7. a3 Bf8 8. Bb5
Nc6 9. Nge2 a6 10. Bd3 h6 11. Bxf5 exf5 12. Qh5 Be7 13. Be3 g6 14. Qf3 b6 15.
Nf4 Bb7 16. Nfxd5 O-O-O 17. Qe2 f4 18. Nxe7+ Nxe7 19. Bxf4 Qxd4 20. Bd2 Bxg2
21. Rg1 Bb7 22. O-O-O Qh4 23. Rg4 Qxh2 24. Ra4 Qg2 25. Ne4 b5 26. Nd6+ cxd6 27.
exd6 Nf5 28. Rf4 Rxd6 29. Qe5 Rhd8 30. Rxf5 gxf5 31. Qxf5+ R8d7 32. Re1 Qd5 33.
Re8+ Kc7 0-1

[Event "HET 2003"]
[Site "?"]
[Date "2003.10.19"]
[Round "2.6"]
[White "Schulz, Hans-Juergen"]
[Black "Knops, Peter"]
[Result "1-0"]
[WhiteElo "2093"]
[BlackElo "1878"]
[PlyCount "47"]
[EventDate "2003.??.??"]

1. e4 c5 2. b4 cxb4 3. Bb2 d5 4. exd5 Qxd5 5. d4 Nf6 6. c4 Qe4+ 7. Be2 Bf5 8.
Nf3 Qc2 9. Qxc2 Bxc2 10. Nbd2 e6 11. d5 Be7 12. Nd4 Bg6 13. dxe6 Na6 14. exf7+
Kxf7 15. N2f3 Nd7 16. O-O Nac5 17. Rad1 Bf6 18. Bc1 Rhe8 19. Rfe1 Kg8 20. Be3
a6 21. Nb3 Rxe3 22. fxe3 Bc3 23. Nxc5 Bxe1 24. Rxd7 1-0

[Event "HET 2003"]
[Site "?"]
[Date "2003.10.19"]
[Round "2.7"]
[White "Sellack, Helmut"]
[Black "Emami, Madjid"]
[Result "1/2-1/2"]
[WhiteElo "1884"]
[BlackElo "2087"]
[PlyCount "165"]
[EventDate "2003.??.??"]

1. e4 g6 2. Nc3 Bg7 3. Bc4 d6 4. d3 Nc6 5. Bf4 e5 6. Be3 Nf6 7. h3 O-O 8. Qd2
a6 9. Bh6 Na5 10. Bxg7 Kxg7 11. Nge2 Nxc4 12. dxc4 Be6 13. b3 b5 14. cxb5 axb5
15. Ng3 b4 16. Nd5 Bxd5 17. exd5 Qd7 18. Qxb4 Nxd5 19. Qd2 Nf4 20. O-O Qc6 21.
f3 f5 22. a4 Ne6 23. Ne2 f4 24. Kh2 g5 25. Qc3 Qe8 26. Rh1 h5 27. a5 Qg6 28. b4
g4 29. Rhg1 Kh6 30. Rac1 Qf5 31. Qd3 Qf6 32. Rh1 gxh3 33. gxh3 Qh4 34. Rhg1 Rg8
35. Rcf1 Rxg1 36. Rxg1 Ng5 37. Rg2 Qxh3+ 38. Kg1 Qxf3 39. Qxf3 Nxf3+ 40. Kf2
Nh4 41. Rh2 Kg5 42. Rh3 e4 43. Nd4 e3+ 44. Ke2 c5 45. Ne6+ Kg4 46. Nxf4 cxb4
47. Rh1 Rxa5 48. Nd3 Rb5 49. Kxe3 Nf5+ 50. Kf2 Nd4 51. Rg1+ Kf5 52. Rh1 Kf6 53.
Rc1 b3 54. c3 Rf5+ 55. Ke3 Nc2+ 56. Ke2 Rb5 57. Rf1+ Ke7 58. Kd2 Na3 59. Nb2
Rd5+ 60. Ke2 Nb5 61. Rc1 Re5+ 62. Kd3 d5 63. c4 dxc4+ 64. Kxc4 h4 65. Rh1 Rh5
66. Rh3 Nd6+ 67. Kxb3 Nf7 68. Nd1 Ng5 69. Re3+ Kf6 70. Nf2 Kf5 71. Kc2 Kf4 72.
Kd2 Nf3+ 73. Ke2 Ng1+ 74. Kd2 Rd5+ 75. Nd3+ Kg4 76. Ke1 h3 77. Kf2 h2 78. Kg2
Rh5 79. Rg3+ Kf5 80. Kh1 Ne2 81. Rg2 Rh3 82. Rxe2 Rxd3 83. Kxh2 1/2-1/2

[Event "HET 2003"]
[Site "?"]
[Date "2003.10.19"]
[Round "2.8"]
[White "Heroiu, Alexandru"]
[Black "Marquardt, Rolf"]
[Result "1-0"]
[WhiteElo "2039"]
[BlackElo "1829"]
[PlyCount "158"]
[EventDate "2003.??.??"]

1. g3 d5 2. Bg2 c6 3. Nf3 Bf5 4. d3 e6 5. Nbd2 Nf6 6. O-O Be7 7. c3 O-O 8. Qc2
h6 9. e4 Bh7 10. Re1 Na6 11. e5 Nd7 12. Re3 Bc5 13. Re2 Bb6 14. Nb3 Nac5 15.
Nxc5 Nxc5 16. Ne1 f6 17. exf6 Rxf6 18. Bf4 Bc7 19. Be3 Bb6 20. Qd2 e5 21. b4
Nd7 22. Nf3 e4 23. dxe4 Bxe4 24. Nd4 Bxg2 25. Kxg2 Ne5 26. Bf4 Nc4 27. Qd3 Qd7
28. Rae1 Qg4 29. h3 Qg6 30. Qxg6 Rxg6 31. Re7 Bxd4 32. cxd4 b5 33. Re8+ Rxe8
34. Rxe8+ Kf7 35. Ra8 Re6 36. Rxa7+ Kf6 37. Kf3 g5 38. Be3 h5 39. g4 hxg4+ 40.
hxg4 Nb2 41. Ke2 Na4 42. Ra8 Nb6 43. Rf8+ Kg7 44. Rf5 Kh6 45. Kd3 Rg6 46. Bc1
Nc4 47. Rf3 Nd6 48. Rh3+ Kg7 49. Rh5 Nf7 50. Ke3 Rf6 51. Ke2 Re6+ 52. Be3 Re8
53. f3 Kg6 54. Kf2 Ra8 55. Kg3 Rxa2 56. Rh2 Ra3 {(=)} 57. Re2 Kf6 58. Kf2 Nd6
59. f4 gxf4 60. Bxf4 Ne4+ 61. Kg2 Rb3 62. Rc2 Rc3 63. Rxc3 Nxc3 64. Kh3 Ne4 65.
Be3 Kg6 66. Kh4 Nd6 67. Bc1 Ne4 68. Bf4 Nf6 69. Bc7 Ne8 70. Be5 Kh6 71. g5+ Kg6
72. Kg4 c5 73. dxc5 d4 74. Bxd4 Nc7 75. c6 Ne6 76. Bf6 Nc7 77. Bd8 Ne8 78. c7
Nd6 79. Kf4 Kf7 1-0

[Event "HET 2003"]
[Site "?"]
[Date "2003.10.19"]
[Round "2.9"]
[White "Klawitter, Bernd"]
[Black "Schröder, Gerhard"]
[Result "0-1"]
[WhiteElo "1546"]
[BlackElo "2036"]
[Annotator "Schröder,Gerhard"]
[PlyCount "66"]
[EventDate "2003.??.??"]

1. e4 c5 2. c3 e6 3. Nf3 Nc6 4. d4 d5 5. e5 Bd7 6. a3 a5 7. Bd3 cxd4 8. cxd4
Qb6 9. Bc2 Be7 $6 (9... Nge7) 10. Nc3 f6 11. O-O O-O-O 12. Ba4 $6 (12. b4 $1
axb4 13. axb4 fxe5 14. dxe5 Nxb4 15. Be3 Qc6 16. Bd4 $40) 12... Nh6 13. Bxc6
Bxc6 14. Bxh6 gxh6 15. b4 axb4 16. axb4 (16. Rb1 $5 $16) 16... Qxb4 17. exf6
Bxf6 18. Qd2 e5 $2 (18... Bg5 19. Nxg5 hxg5 20. Rfb1 Qe7 21. Qe3 $16) 19. Ra8+
(19. dxe5 d4 20. Ra8+ Kd7 21. Nxd4 Bxe5 22. Nxc6+ Kxc6 23. Rxd8 Rxd8 24. Qxd8
Qxc3 25. Qc8+ $18) 19... Kd7 (19... Kc7 $4 20. Nxd5+ $18) 20. Rxd8+ Rxd8 21.
dxe5 Bg5 22. Nxg5 hxg5 23. e6+ (23. Qd3 $16) 23... Kxe6 24. Re1+ $2 (24. Qxg5
Rd7 25. Qh6+ $16) 24... Kd7 (24... Kf7 $4 25. Qxg5 Qxc3 26. Qe7+ $1 Kg6 27.
Re6+ $18) 25. Rb1 Qf4 26. Qc2 h5 $5 27. Na4 $4 (27. Nb5 Qe4 28. Qb2 d4 29. f3
Qe3+ 30. Kh1 $13) (27. Qh7+ Kc8 28. Qxh5 Qe5 29. Qg4+ Kb8 30. Ne2 d4 $132)
27... Qxa4 28. Rxb7+ Kc8 29. Rb3 Kc7 30. Qb1 Qe4 31. Qa1 d4 32. Qa7+ (32. f3
Ra8 33. Qxa8 Qe1#) 32... Kd6 33. Qa3+ Ke6 0-1

[Event "HET 2003"]
[Site "?"]
[Date "2003.10.19"]
[Round "2.10"]
[White "Schirmer, Werner"]
[Black "Hagenlüke, Thomas"]
[Result "1-0"]
[WhiteElo "2031"]
[BlackElo "1507"]
[PlyCount "89"]
[EventDate "2003.??.??"]

1. e4 e6 2. d4 d5 3. Nc3 Nf6 4. Bg5 Be7 5. e5 Nfd7 6. Bxe7 Qxe7 7. f4 a6 8. Nf3
c5 9. Qd2 Nc6 10. O-O-O O-O 11. dxc5 Nxc5 12. Bd3 Nxd3+ 13. Qxd3 Nb4 14. Qe3
Qc7 15. Ng5 Bd7 16. a3 Nc6 17. Qd3 f5 18. Nxd5 Qd8 19. Ne7+ Qxe7 20. Qxd7 Rfe8
21. Qxe7 Rxe7 22. Rd6 Rae8 23. Rhd1 h6 24. Nf3 Kf7 25. Nd4 Na5 26. b3 g5 27. g3
Kg6 28. Kb2 Kh5 29. c4 Kg4 30. Rf1 Kh3 31. Rf2 Kg4 32. Kc3 gxf4 33. gxf4 Kh3
34. b4 Nc6 35. Nxc6 bxc6 36. Rd3+ Kh4 37. Rg2 Rh8 38. a4 Rc7 39. Rg6 Re7 40.
Rdg3 Ree8 41. b5 axb5 42. axb5 c5 43. Rd3 Kh5 44. Rg7 Reg8 45. Rh3# 1-0

[Event "HET 2003"]
[Site "?"]
[Date "2003.10.19"]
[Round "2.12"]
[White "Urban, Ralf-Dieter"]
[Black "Broschk, Matthias"]
[Result "1-0"]
[WhiteElo "1992"]
[BlackElo "1735"]
[PlyCount "43"]
[EventDate "2003.??.??"]

1. e4 c5 2. Nf3 Nc6 3. d4 cxd4 4. Nxd4 Nf6 5. Nc3 e5 6. Ndb5 a6 7. Nd6+ Bxd6 8.
Qxd6 Qe7 9. Qd1 h6 10. Be2 b5 11. Be3 Qb4 12. O-O Ne7 13. f4 exf4 14. Rxf4 Ng6
15. Nd5 Nxd5 16. Qxd5 Nxf4 17. Bxf4 Ra7 18. Bd6 Qxb2 19. Rf1 f6 20. Bh5+ Kd8
21. Qc5 Re8 22. Qb6+ 1-0

[Event "HET 2003"]
[Site "?"]
[Date "2003.10.19"]
[Round "2.13"]
[White "Ristic, Sreten"]
[Black "Prochnow, Siegfried"]
[Result "1-0"]
[WhiteElo "1936"]
[BlackElo "1640"]
[PlyCount "41"]
[EventDate "2003.??.??"]

1. d4 e6 2. e4 d5 3. Nc3 Nf6 4. e5 Nfd7 5. f4 c5 6. Nce2 Nc6 7. c3 Be7 8. Nf3
cxd4 9. cxd4 f5 10. Be3 O-O 11. h3 a6 12. Kf2 b5 13. a4 b4 14. b3 a5 15. g4 Ba6
16. Kg2 Rc8 17. Ng3 Bxf1+ 18. Qxf1 Na7 19. Rc1 Qe8 20. Qa6 Ra8 21. Qxe6+ 1-0